00711cam a22002291 45000010005000000030008000050050017000130080041000300350018000710350019000890400039001080410008001470820018001551000045001732450059002182600038002773000020003154900025003355040019003606500054003796500048004334764BD-RjUL20211208233942.0131223s1963 mdu 001 0 eng d a(BD-RjUL)4799 a(OCoLC)1117775 aDLCcMeBdOCoLCdDLCdBD-RjULbeng aeng a343.0942bGIC1 aGiles, F. T.q(Francis Treseder),d1896-14aThe criminal law :ba short introduction /cF.T. Giles aBaltimore :bPenguin Books,c1963 a180p. ;c18 cm.0 aPelican books,vA301 aIncludes Index 0aCriminal procedurezGreat BritainxPopular works. 0aCriminal lawzGreat BritainxPopular works.